College reading : (Record no. 2605)
[ view plain ]
| 000 -LEADER | |
|---|---|
| fixed length control field | 01533nac a22003855a 4500 |
| 003 - CONTROL NUMBER IDENTIFIER | |
| control field | EG-ScBUE |
| 005 - DATE AND TIME OF LATEST TRANSACTION | |
| control field | 20220629122342.0 |
| 008 - FIXED-LENGTH DATA ELEMENTS--GENERAL INFORMATION | |
| fixed length control field | 100530t2006 maua f b 001 0 eng d |
| 020 ## - INTERNATIONAL STANDARD BOOK NUMBER | |
| International Standard Book Number | 9780618230204 (v. 1) |
| 020 ## - INTERNATIONAL STANDARD BOOK NUMBER | |
| International Standard Book Number | 0618230203 (v. 1) |
| 020 ## - INTERNATIONAL STANDARD BOOK NUMBER | |
| International Standard Book Number | 9780618230211 (v. 2) |
| 020 ## - INTERNATIONAL STANDARD BOOK NUMBER | |
| International Standard Book Number | 0618230211 (v. 2) |
| 020 ## - INTERNATIONAL STANDARD BOOK NUMBER | |
| International Standard Book Number | 9780618230228 (v. 3) |
| 020 ## - INTERNATIONAL STANDARD BOOK NUMBER | |
| International Standard Book Number | 061823022X (v. 3) |
| 020 ## - INTERNATIONAL STANDARD BOOK NUMBER | |
| International Standard Book Number | 9780618230235 (v. 4) |
| 020 ## - INTERNATIONAL STANDARD BOOK NUMBER | |
| International Standard Book Number | 0618230238 (v. 4) |
| 040 ## - CATALOGING SOURCE | |
| Original cataloging agency | EG-ScBUE |
| Language of cataloging | eng |
| Description conventions | rda |
| Transcribing agency | EG-ScBUE |
| Modifying agency | EG-ScBUE |
| 082 04 - DEWEY DECIMAL CLASSIFICATION NUMBER | |
| Classification number | 428.4 |
| Item number | COL |
| Edition number | 22 |
| 245 00 - TITLE STATEMENT | |
| Title | College reading : |
| Remainder of title | English for academic success / |
| Statement of responsibility, etc | Linda Robinson Fellag, Community College of Philadelphia [and four others] |
| 264 #1 - PUBLICATION, DISTRIBUTION, ETC. (IMPRINT) | |
| Place of publication, distribution, etc | Boston, MA : |
| Name of publisher, distributor, etc | Heinle, Cengage Learning, |
| Date of publication, distribution, etc | [2006] |
| 264 #4 - PUBLICATION, DISTRIBUTION, ETC. (IMPRINT) | |
| Date of publication, distribution, etc | c2006 |
| 300 ## - PHYSICAL DESCRIPTION | |
| Extent | 4 volumes : |
| Other physical details | illustrations ; |
| Dimensions | 24 cm |
| 336 ## - CONTENT TYPE | |
| Source | rdacontent |
| Content type term | text |
| Content type code | txt |
| 337 ## - MEDIA TYPE | |
| Source | rdamedia |
| Media type term | unmediated |
| Media type code | n |
| 338 ## - CARRIER TYPE | |
| Source | rdacarrier |
| Carrier type term | volume |
| Carrier type code | nc |
| 504 ## - BIBLIOGRAPHY, ETC. NOTE | |
| Bibliography, etc | Includes bibliographical references and index. |
| 505 0# - FORMATTED CONTENTS NOTE | |
| Formatted contents note | Volume 1. Low intermediate / Cheryl Benz with Myra M. Medina -- Volume 2. Intermediate / Linda Robinson Fellag -- Volume 3. High intermediate / John D. Avery, Linda Robinson Fellag -- Volume 4. Advanced / Cheryl Benz, Cynthia M. Schuemann. |
| 650 #7 - SUBJECT ADDED ENTRY--TOPICAL TERM | |
| Topical term or geographic name as entry element | Reading (Higher education) |
| Source of heading or term | BUEsh |
| 9 (RLIN) | 14348 |
| 650 #7 - SUBJECT ADDED ENTRY--TOPICAL TERM | |
| Topical term or geographic name as entry element | Reading |
| Form subdivision | Problems, exercises, etc. |
| Source of heading or term | BUEsh |
| 9 (RLIN) | 14496 |
| 651 ## - SUBJECT ADDED ENTRY--GEOGRAPHIC NAME | |
| Source of heading or term | BUEsh |
| 653 ## - INDEX TERM--UNCONTROLLED | |
| Resource For college | Humanities: English |
| Arrived date list | January2017 |
| 655 ## - INDEX TERM--GENRE/FORM | |
| Form subdivision | Reading book |
| 9 (RLIN) | 34232 |
| 700 1# - ADDED ENTRY--PERSONAL NAME | |
| Personal name | Fellag, Linda Robinson, |
| Relator term | author. |
| 942 ## - ADDED ENTRY ELEMENTS (KOHA) | |
| Source of classification or shelving scheme | Dewey Decimal Classification |
| Koha item type | Book - Borrowing |
| Withdrawn status | Lost status | Source of classification or shelving scheme | Damaged status | Not for loan | Home library | Current library | Shelving location | Date acquired | Source of acquisition | Total Checkouts | Full call number | Barcode | Date last seen | Date checked out | Koha item type | Public note | Total Renewals | Collection code | Cost, normal purchase price | Serial Enumeration / chronology | Cost, replacement price | Price effective from |
|---|---|---|---|---|---|---|---|---|---|---|---|---|---|---|---|---|---|---|---|---|---|---|
| Dewey Decimal Classification | Central Library | Central Library | Second Floor | 30/05/2007 | Purchase | 1 | 428.4 COL | 000001597 | 15/07/2025 | 06/11/2008 | Book - Borrowing | VOL. 1. | ||||||||||
| Dewey Decimal Classification | Central Library | Central Library | Second Floor | 30/05/2010 | Purchase | 3 | 428.4 COL | 000001596 | 15/07/2025 | 08/01/2017 | Book - Borrowing | VOL. 2. | 6 | |||||||||
| Dewey Decimal Classification | Central Library | Central Library | Second Floor | 08/01/2017 | Purchase | 428.4 COL | 000040786 | 15/07/2025 | Book - Borrowing | VOL. 1. | ILB | 264.00 | 8263 | 330.00 | 08/01/2017 | |||||||
| Dewey Decimal Classification | Central Library | Central Library | Second Floor | 08/01/2017 | Purchase | 428.4 COL | 000001595 | 15/07/2025 | Book - Borrowing | VOL. 3. | 08/01/2017 | |||||||||||
| Dewey Decimal Classification | Central Library | Central Library | Second Floor | 08/01/2017 | Purchase | 2 | 428.4 COL | 000001594 | 15/07/2025 | 11/09/2019 | Book - Borrowing | VOL. 4. | 25 | 08/01/2017 | ||||||||
| Dewey Decimal Classification | Central Library | Central Library | Second Floor | 08/01/2017 | Purchase | 428.4 COL | 000040787 | 15/07/2025 | Book - Borrowing | VOL. 2. | ILB | 264.00 | 8263 | 330.00 | 08/01/2017 | |||||||
| Dewey Decimal Classification | Central Library | Central Library | Second Floor | 08/01/2017 | Purchase | 428.4 COL | 000040788 | 15/07/2025 | Book - Borrowing | VOL. 3. | ILB | 264.00 | 8263 | 330.00 | 08/01/2017 | |||||||
| Dewey Decimal Classification | Central Library | Central Library | Second Floor | 08/01/2017 | Purchase | 428.4 COL | 000040789 | 15/07/2025 | Book - Borrowing | VOL. 4. | ILB | 264.00 | 8263 | 330.00 |